| 000 | 01238cad a22002055a 4500 | ||
|---|---|---|---|
| 001 | E149612 | ||
| 008 | 100325e20100127xxk f 000 0 eng d | ||
| 035 | _a(Sirsi) u149612 | ||
| 041 | 0 | _aeng | |
| 100 | 1 | _aFetherstonhaugh, Guy | |
| 245 | 0 | 0 |
_aDilapidations claims _bthe relevance of post-termination events _h[electronic resource] |
| 260 |
_aLondon _bFalcon Chambers _c2010 |
||
| 520 | _aA paper presented at the PLA/RICS Dilapidations Forum Seminar on 27 January 2010. Looks at how to calculate the landlord's loss in the event of a number of potential post-termination events such as the presence, and subsequent going out of business, of a sub-tenant; the occupation of the property by squatters; and the collapse of the office market. Suggests that the proper approach should be to assess how far the events in question illuminate the situation as it existed at the review date. | ||
| 521 | _aAdvanced | ||
| 590 | _aKA | ||
| 651 | 4 |
_aEngland and Wales _y1543- |
|
| 690 | _aBUILT ENVIRONMENT-BUILDING SURVEYING-DILAPIDATIONS SURVEYING | ||
| 856 | 4 | 0 |
_uhttps://www.pla.org.uk/__data/assets/pdf_file/0020/85421/Dilaps_event_27.1.2010_-_Fetherstonhaugh_QC.pdf _zView the item free of charge (PDF file) at www.pla.org.uk |
| 942 | _n0 | ||
| 999 |
_c110562 _d110562 |
||